The Human Element/ (Record no. 213938)

MARC details
000 -LEADER
fixed length control field 00556nam a22002057a 4500
005 - DATE AND TIME OF LATEST TRANSACTION
control field 20251216111442.0
010 ## - LCCN (DPL NO)
LC control number ENG-147308
020 ## - INTERNATIONAL STANDARD BOOK NUMBER
International Standard Book Number 9789355437853
Terms of availability 299.00
035 ## - SYSTEM CONTROL NUMBER
System control number EN-130840
035 ## - SYSTEM CONTROL NUMBER
System control number EN-128913
037 ## - SOURCE OF ACQUISITION
Source of stock number/acquisition DBAD
082 ## - DEWEY DECIMAL CLASSIFICATION NUMBER
Classification number 154.3
Edition number 1
100 ## - MAIN ENTRY--PERSONAL NAME
Personal name Wiest, Brianna
245 ## - TITLE STATEMENT
Title The Human Element/
Statement of responsibility, etc Brianna Wiest
250 ## - EDITION STATEMENT
Edition statement 1
260 ## - PUBLICATION, DISTRIBUTION, ETC. (IMPRINT)
Place of publication, distribution, etc NoidaU.P.
Name of publisher, distributor, etc Amaryllis
Date of publication, distribution, etc 2025
270 ## - ADDRESS
Address C-16,Sector3,Noida,Uttar Pradesh
City Uttar Pradesh
Postal code 201301
300 ## - PHYSICAL DESCRIPTION
Extent 87p.
Dimensions 21(pb)
942 ## - ADDED ENTRY ELEMENTS (KOHA)
Source of classification or shelving scheme Dewey Decimal Classification
Item type English Books
Classification part 154.3
Call number suffix WIE
Holdings
Withdrawn status Lost status Not for loan Collection code Home library Current library Date acquired Source of acquisition Cost, normal purchase price Full call number Barcode Copy number Cost, replacement price Koha item type
      Non-fiction Sarojini Nagar Sarojini Nagar 16/12/2025 Delivery of Books Act Division 299.00 154.3 WIE EN-130840 1 299.00 English Books

© Delhi Public Library
Hit Counter
free hit counter